Espacios y sociedades del mundo : política, economía y ambiente. la argentina en el mundo /
Guardado en:
| Autor Principal: | |
|---|---|
| Otros Autores: | |
| Formato: | Libro |
| Publicado: |
Buenos Aires :
Kapelusz,
1998
|
| Series: | Biblioteca del polimodal
|
| Materias: | |
| Etiquetas: |
Agregar Etiqueta
Sin Etiquetas, Sea el primero en etiquetar este registro!
|
| LEADER | 02159nam a22003975a 4500 | ||
|---|---|---|---|
| 001 | CEM.cems010062 | ||
| 008 | 130507s1998##################000#0#####d | ||
| 005 | 20220705160159.0 | ||
| 003 | CEMS | ||
| 245 | 1 | 0 | |a Espacios y sociedades del mundo : |b política, economía y ambiente. la argentina en el mundo / |c Celia V. Bertone de Daguerre , Susana María Sassone |
| 260 | |a Buenos Aires : |b Kapelusz, |c 1998 | ||
| 300 | |a 300 p. | ||
| 490 | 0 | |a Biblioteca del polimodal | |
| 500 | |a Para Polimodal | ||
| 505 | 0 | |a Nuestro mundo: complejo, diverso y cambiante -- La geografía: una ciencia para interpretar los cambios -- La nueva organización política del espacio geográfico mundial -- La globalización: un camino para entender la economía-mundo -- El cambio ambiental -- Desafíos geográficos de la población mundial -- Espacios urbanos y rurales: transformaciones y problemas -- La reestructuración económica en el sistema mundo -- Las grandes potencias: centros de poder mundial -- El mundo en desarrollo: los difíciles caminos del progreso | |
| 020 | |a 9501324036 | ||
| 100 | 1 | |a Daguerre, Celia V. Bertone de | |
| 700 | 1 | |a Sassone, Susana María | |
| 082 | 0 | 4 | |a Z330.9 |
| 653 | |a Geografía | ||
| 653 | |a Geografía mundial | ||
| 653 | |a Globalización | ||
| 653 | |a Espacios urbanos y rurales | ||
| 653 | |a Ambiente | ||
| 653 | |a Población | ||
| 859 | |a CEMS |b BIB. CEMS - 11 de abril |h 330.9 |i D135 |p 29356.22 | ||
| 859 | |a CEMS |b BIB. CEMS - 11 de abril |h 330.9 |i D135 |p 20573.99 |t Ej.1 | ||
| 859 | |a CEMS |b BIB. CEMS - 11 de abril |h 330.9 |i D135 |p 20770.00 |t Ej.2 | ||
| 859 | |a CEMS |b BIB. CEMS - 11 de abril |h 330.9 |i D135 |p 21086.01 |t Ej.3 | ||
| 859 | |a CEMS |b BIB. CEMS - 11 de abril |h 330.9 |i D135 |p 21087.01 |t Ej.4 | ||
| 859 | |a CEMS |b BIB. CEMS - 11 de abril |h 330.9 |i D135 |p 21088.01 |t Ej.5 | ||
| 859 | |a CEMS |b BIB. CEMS - 11 de abril |h 330.9 |i D135 |p 21321.01 |t Ej.6 | ||
| 859 | |a CEMS |b BIB. CEMS - 11 de abril |h 330.9 |i D135 |p 21322.01 |t Ej.7 | ||
| 859 | |a CEMS |b BIB. CEMS - 11 de abril |h 330.9 |i D135 |p 21323.01 |t Ej.8 | ||
| 859 | |a CEMS |b BIB. CEMS - 11 de abril |h 330.9 |i D135 |p 26139.11 |t Ej.9 | ||
| 859 | |a CEMS |b BIB. CEMS - 11 de abril |h 330.9 |i D135 |p 26262.12 |t Ej.10 | ||
